000 00206nam a22000857a 4500
999 _c11654
_d11654
008 191030b ||||| |||| 00| 0 eng d
100 _aNCERT
_97357
245 _aMaths Exemplar
260 _aNew Delhi
_bNCERT
_c2018